The Font Picture Quiz - Statistics

General Stats
  • This quiz has been taken 74 times
    73 since last reset
  • The average score is 7 of 16
Answer Stats
Picture Answer % Correct
Comic Sans
89%
Times New Roman
86%
Helvetica
77%
Papyrus
64%
Futura
52%
Calibri
50%
Verdana
45%
Cooper Black
41%
Didot
38%
Stempel Garamond
36%
Franklin Gothic
29%
DIN 1451
27%
Frutiger
25%
Baskerville
23%
Brush Script
23%
Palatino
18%
No matching quizzes found
Score Distribution
Percent of People with Each Score
Percentile by Number Answered
Your Score History
You have not taken this quiz since the last reset